| 000 | 00792nas a2200265 4500 | ||
|---|---|---|---|
| 001 | BR2010000529 | ||
| 003 | BR-BrBNA | ||
| 005 | 20231205113904.0 | ||
| 007 | ta | ||
| 008 | 230509b bl.|||p| |||| 00| 00por d | ||
| 040 |
_aBR-BrBNA _bpor _cBiblioteca Nacional de Agricultura |
||
| 041 | _a(Pt) | ||
| 072 | _aP40 | ||
| 100 | 1 | _aCardoso, C.O. | |
| 100 | 1 | _aSampaio, C.A. de P. | |
| 100 | 1 | _aBianco, A.O. | |
| 100 | 1 | _aPiazzoli, D. | |
| 245 | 1 | _aConstrução e calibração de anemômetros de baixo custo | |
| 650 | _aVENTO | ||
| 650 | _aEQUIPAMENTO AGRÍCOLA | ||
| 650 | _aCUSTO | ||
| 773 | 0 |
_tRevista de Ciências Agroveterinárias (Brazil) _xISSN 1676-9732 _g(Jul-Dec 2009), v. 8(2) p. 122-128 _wBR2010000529 |
|
| 909 |
_a202311 _bLúcia _c55 _dLúcia Elande |
||
| 942 |
_2AGRIS _n0 _cANA |
||
| 999 |
_c206134 _d206134 |
||